000 00752cam a2200217 4500
001 WB3618-12
008 000000n2000 000 0 eng u
035 _a(Sirsi) u105930
245 _aPFI taskforce chief appointed
260 _c2000
490 _aFinancial Times
_v 10 May 2000, 1(1)
520 _aThe new chief executive of Partnerships UK, the privatisation of the Treasury's PFI taskforce is James Stewart, head of project finance for Europe at Newcourt Capital. Discusses the future of the taskforce.
590 _aWB
650 _aPFI TASKFORCE
650 _aPARTNERSHIPS UK
650 _aPFI
650 _aPRIVATISATION
650 _aPUBLIC SECTOR
690 _aMANAGEMENT-BUSINESS MANAGEMENT-FINANCIAL MANAGEMENT
942 _n0
999 _c63427
_d63427